000 00410nam a2200133Ia 4500
008 171212s9999 xx 000 0 und d
020 _a9780874212846
100 _aFargnoli, Patricia
245 _cFargnoli, Patricia
_aNecessary Light
260 _bUniversity Press of Colorado
_c1999
440 _aSwenson Poetry Award
650 _aLanguage & Literature
856 _uwww.jstor.org/stable/10.2307/j.ctt46nrvc
999 _c353121
_d353121